Представление документа в формате RUSMARC

ПолеНазваниеЗначение
  Тип записи a
  Библиографический уровень m
001 Контрольный номер UONB/MAIN/aac7874154724bd993c5029896ebb4ee
005 Дата корректировки 20260502112322.3
010 Индекс ISBN __
d Цена 9 к.
9 Тираж 9550 экз.
100 Данные общей обработки __
a Данные общей обработки 20260502d1974 u y0rusy0189 ca
101 Язык документа 0_
a Язык текста rus
102 Страна публикации __
a Страна публикации RU
105 Кодированные данные (монография) __
a Кодированные данные (монография) y c 000yy
200 Заглавие и сведения об ответственности 1_
a Заглавие Составление рекомендательных указателей в помощь производству
e Сведения, относящиеся к заглавию методические рекомендации
f Первые сведения об ответственности А. М. Штыркова, Л. И. Задерман
g Последующие сведения об ответственности Государственный комитет Совета Министров СССР по науке и технике, Государственная публичная научно-техническая библиотека СССР
203 Вид содержания и тип средства __
a Вид содержания Текст
b Характеристика содержания визуальный
c Тип средства непосредственный
210 Выходные данные 1_
a Место издания Москва
c Издательство б. и.
d Дата издания 1974
215 Физическое описание __
a Объем 78 с.
d Формат 20 см
606 Тематические рубрики 0_
a Основная рубрика Библиографические указатели
x Основная подрубрика Оформление
610 Ключевые слова 0_
a Ключевые слова библиографические указатели; рекомендательные указатели; оформление
675 Индекс УДК __
a Индекс УДК 01
686 Индексы других классификаций __
a Классификационный индекс 78
2 Код системы rubbk
700 Автор _1
a Фамилия Штыркова
b Имя (инициалы) А. М.
701 Альтернативная интеллектуальная ответственность _1
a Фамилия Задерман
b Имя (инициалы) Л. И.
801 Источник записи _0
a Страна RU
b Организация Ульяновская ОНБ
c Дата составления 20260502
g Правила каталогизации RCR
801 Источник записи _1
a Страна RU
b Организация Ульяновская ОНБ
c Дата составления 20260502
g Правила каталогизации RCR
901 Тип документа __
t Тип документа m
909 Создатель записи __
a Создатель записи Королева
b Дата создания записи 20260502